Introduction to Financial Accounting (Record no. 350073)

000 -LEADER
fixed length control field 00476nam a22001817a 4500
003 - CONTROL NUMBER IDENTIFIER
control field OSt
005 - DATE AND TIME OF LATEST TRANSACTION
control field 20180116183006.0
008 - FIXED-LENGTH DATA ELEMENTS--GENERAL INFORMATION
fixed length control field 150806b xxu||||| |||| 00| 0 eng d
020 ## - INTERNATIONAL STANDARD BOOK NUMBER
International Standard Book Number 9788131519783
040 ## - CATALOGING SOURCE
Transcribing agency 0
082 ## - DEWEY DECIMAL CLASSIFICATION NUMBER
Edition number 8th
Classification number 657 NOR 2013
100 ## - MAIN ENTRY--PERSONAL NAME
Personal name Norton Porter
245 ## - TITLE STATEMENT
Title Introduction to Financial Accounting
Statement of responsibility, etc. Norton Porter
260 ## - PUBLICATION, DISTRIBUTION, ETC.
Place of publication, distribution, etc. India
Name of publisher, distributor, etc. Cengage
Date of publication, distribution, etc. 2013
300 ## - PHYSICAL DESCRIPTION
Extent 764 p.
Other physical details PB
440 ## - SERIES STATEMENT/ADDED ENTRY--TITLE
Title Introduction to Financial Accounting
942 ## - ADDED ENTRY ELEMENTS (KOHA)
Source of classification or shelving scheme
Koha item type Book
Holdings
Withdrawn status Lost status Source of classification or shelving scheme Damaged status Not for loan Collection code Permanent Location Current Location Shelving location Date acquired Total Checkouts Full call number Barcode Checked out Date last seen Date last checked out Price effective from Koha item type
            Central Library (CL) Central Library (CL) General Stacks 08/06/2015 2 657 NOR 2013 NBS9294 04/12/2023 03/13/2023 03/13/2023 08/06/2015 Book
© 2023 Central Library, National University of Sciences and Technology. All Rights Reserved.